000 00575 a2200217 4500
005 20260210101819.0
008 260209b |||||||| |||| 00| 0 eng d
020 _a9789354971389
_cRs. 925.00
040 _aMAIN
082 _a647.94
_bR126H(4)
100 _aRaghubalan, G
245 _aHotel housekeeping: Operations and management
250 _a4th
260 _bOxford
_c2023
_aNew Delhi
300 _ax, 851
650 _aHotel Management
650 _aHotel Housekeeping
650 _aManagement -Housekeeping
700 _aRaghubalan Smritee
942 _cBK
999 _c395628
_d395628